[Event "Ashkhabad B IT"]
[Site "Ashkhabad"]
[Date "1996.??.??"]
[Round "7"]
[White "Kotsur, Pavel"]
[Black "Iuldachev, Saidali"]
[Result "1-0"]
[WhiteElo "2495"]
[BlackElo "2495"]
[PlyCount "173"]
[EventDate "1996.??.??"]
[EventType "tourn"]
[EventRounds "11"]
[EventCountry "TKM"]
[Source "Fruth,M"]
[SourceDate "2003.05.15"]

1. e4 e5 2. Nf3 Nc6 3. Bb5 a6 4. Ba4 Nf6 5. O-O Be7 6. Qe2 b5 7. Bb3 d6 8. c3
O-O 9. Rd1 Na5 10. Bc2 c5 11. d4 Qc7 12. d5 Nc4 13. a4 Bd7 14. b3 Na5 15. Nbd2
Rfb8 16. Ba3 Nh5 17. g3 g6 18. b4 Nb7 19. axb5 axb5 20. Rdc1 c4 21. Bb2 Qc8 22.
Ne1 Rxa1 23. Rxa1 Ra8 24. Rd1 Bd8 25. Nf1 Bb6 26. Kh1 f5 27. exf5 Bxf5 28. Bc1
Nf6 29. Be3 Bxe3 30. Nxe3 Bxc2 31. Qxc2 Nd8 32. N1g2 Nf7 33. f4 Qh3 34. Rf1 Nh6
35. Re1 Nfg4 36. Nf1 Nf5 37. Kg1 Re8 38. fxe5 Nxe5 39. Kh1 Rf8 40. Qe2 g5 41.
Ra1 Kh8 42. Nge3 Nd3 43. Qg2 Qxg2+ 44. Kxg2 Nxe3+ 45. Nxe3 Rf2+ 46. Kg1 h5 47.
Rf1 Rd2 48. Nf5 Nb2 49. Nxd6 Rxd5 50. Ne4 Kg7 51. Kf2 Na4 52. Re1 g4 53. Re3
Kg6 54. Ke2 Kf5 55. Nd2 Rd7 56. Nb1 Nb6 57. Re8 Rd5 58. Rh8 Kg6 59. Rg8+ Kf7
60. Rh8 Na4 61. Rh6 Re5+ 62. Kd2 Kg7 63. Rd6 Rf5 64. Kc2 Rf2+ 65. Rd2 Rf3 66.
Rd5 Rf2+ 67. Nd2 Rxh2 68. Rxb5 Rg2 69. Ra5 Nb6 70. Rxh5 Rxg3 71. Ne4 Rg2+ 72.
Kc1 Kf8 73. Rg5 Ke7 74. Rg6 Nd5 75. b5 g3 76. b6 Nxb6 77. Rxb6 Rg1+ 78. Kb2 g2
79. Rg6 Re1 80. Rxg2 Rxe4 81. Ka3 Kd6 82. Kb4 Kc6 83. Rg5 Rh4 84. Rc5+ Kb6 85.
Rxc4 Rh5 86. Rg4 Rf5 87. c4 1-0

[Event "FRA-ch TT 199697 fin"]
[Site "Clichy"]
[Date "1997.05.02"]
[Round "9"]
[White "Conquest, Stuart"]
[Black "Bacrot, Etienne"]
[Result "0-1"]
[WhiteElo "2540"]
[BlackElo "2500"]
[PlyCount "82"]
[EventDate "1996.??.??"]
[EventType "team"]
[EventRounds "4"]
[EventCountry "FRA"]
[Source "Fruth,M"]
[SourceDate "2003.05.15"]

1. e4 e5 2. Nf3 Nc6 3. Bb5 a6 4. Ba4 Nf6 5. O-O Be7 6. Qe2 b5 7. Bb3 d6 8. c3
O-O 9. Rd1 Na5 10. Bc2 c5 11. d4 Qc7 12. d5 Bd7 13. Nbd2 Nh5 14. Nf1 g6 15. g3
Nc4 16. h4 Ng7 17. b3 Nb6 18. Bh6 c4 19. b4 a5 20. a3 Ra6 21. h5 axb4 22. axb4
Rfa8 23. Rxa6 Rxa6 24. hxg6 hxg6 25. Kg2 Qa7 26. Bc1 Ra2 27. Ne3 f5 28. Rh1 f4
29. gxf4 exf4 30. Nd1 g5 31. Nd4 Bf6 32. Rh6 Be5 33. Nf5 Bxf5 34. exf5 Nxd5 35.
Qf3 Nf6 36. Be4 Nxe4 37. Qxe4 Qa8 38. Qxa8+ Rxa8 39. f6 Nf5 40. Rg6+ Kf7 41.
Rxg5 Kxf6 0-1

[Event "Zaragoza op"]
[Site "Zaragoza"]
[Date "1996.??.??"]
[Round "6"]
[White "Kaminski, Marcin"]
[Black "Romanishin, Oleg M"]
[Result "0-1"]
[WhiteElo "2525"]
[BlackElo "2590"]
[PlyCount "92"]
[EventDate "1996.??.??"]
[EventType "swiss"]
[EventRounds "9"]
[EventCountry "ESP"]
[Source "Fruth,M"]
[SourceDate "2003.05.15"]

1. e4 e5 2. Nf3 Nc6 3. Bb5 a6 4. Ba4 Nf6 5. O-O Be7 6. Qe2 b5 7. Bb3 d6 8. c3
Na5 9. Bc2 c5 10. d4 Qc7 11. d5 O-O 12. b3 Bd7 13. h3 Nb7 14. Nh2 g6 15. Be3
Nh5 16. Ng4 Qd8 17. g3 Bg5 18. Kh2 Bxe3 19. Nxe3 Qc8 20. Ng4 Kh8 21. Nd2 Nd8
22. f4 exf4 23. gxf4 f5 24. Nh6 Nf7 25. Nxf7+ Rxf7 26. e5 Qf8 27. e6 Re7 28. a4
Qf6 29. Qd3 Be8 30. Bd1 Ng7 31. Be2 Rb7 32. axb5 Bxb5 33. Nc4 Bxc4 34. Qxc4 Rb6
35. Ra3 Ne8 36. Rfa1 Qh4 37. Kg2 Nf6 38. Bf3 Nh5 39. Bxh5 gxh5 40. Qf1 Rg8+ 41.
Kh1 Rg3 42. Kh2 Rxc3 43. Re1 Rb8 44. Re2 Rg8 45. e7 Rgg3 46. Kh1 Rc1 0-1

[Event "Lazne Bohdanec IT"]
[Site "Lazne Bohdanec"]
[Date "1996.??.??"]
[Round "3"]
[White "Kaminski, Marcin"]
[Black "Blatny, Pavel"]
[Result "1-0"]
[WhiteElo "2525"]
[BlackElo "2515"]
[PlyCount "111"]
[EventDate "1996.01.??"]
[EventType "tourn"]
[EventRounds "11"]
[EventCountry "CZE"]
[EventCategory "10"]
[Source "Fruth,M"]
[SourceDate "2003.05.15"]

1. e4 e5 2. Nf3 Nc6 3. Bb5 a6 4. Ba4 Nf6 5. O-O Be7 6. Qe2 b5 7. Bb3 d6 8. c3
O-O 9. Rd1 Nd7 10. d4 Bf6 11. a4 Bb7 12. d5 Ne7 13. Bc2 bxa4 14. Bxa4 Nc5 15.
Bc2 a5 16. Be3 Ba6 17. Qd2 Nb7 18. Bd3 Qd7 19. Bxa6 Rxa6 20. Qd3 Raa8 21. Na3
Rfb8 22. Qb5 Qc8 23. Qc4 Ng6 24. Nb5 Nd8 25. Qa4 Qd7 26. c4 Be7 27. h3 Nf8 28.
Nd2 c6 29. dxc6 Qxc6 30. Nb1 Nb7 31. N1c3 Ne6 32. Nd5 Bd8 33. Qc2 Rc8 34. Rac1
Nec5 35. b3 a4 36. b4 Nb3 37. Na7 Rxa7 38. Bxa7 Nxc1 39. Rxc1 Ra8 40. Be3 a3
41. Ra1 Qa4 42. Qxa4 Rxa4 43. Ra2 h6 44. Bc1 Bg5 45. Rxa3 Rxb4 46. Nxb4 Bxc1
47. Ra8+ Kh7 48. Nd3 Bd2 49. Ra7 Na5 50. Rxf7 Nxc4 51. Rc7 Na5 52. h4 Nb3 53.
Rc6 Nd4 54. Rxd6 Ne2+ 55. Kf1 Nc3 56. f3 1-0

[Event "Paernu A IT"]
[Site "Paernu"]
[Date "1996.??.??"]
[Round "5"]
[White "Short, Nigel D"]
[Black "Ehlvest, Jaan"]
[Result "1/2-1/2"]
[WhiteElo "2665"]
[BlackElo "2660"]
[PlyCount "34"]
[EventDate "1996.02.??"]
[EventType "tourn"]
[EventRounds "10"]
[EventCountry "EST"]
[EventCategory "17"]
[Source "Fruth,M"]
[SourceDate "2003.05.15"]

1. e4 e5 2. Nf3 Nc6 3. Bb5 a6 4. Ba4 Nf6 5. O-O Be7 6. Qe2 b5 7. Bb3 O-O 8. c3
d5 9. d3 d4 10. h3 Be6 11. Bxe6 fxe6 12. Nbd2 Nd7 13. Nb3 dxc3 14. bxc3 Nb6 15.
Be3 Na4 16. Rac1 Qe8 17. d4 Qg6 1/2-1/2

[Event "Yerevan olm"]
[Site "Yerevan"]
[Date "1996.??.??"]
[Round "13"]
[White "Sturua, Zurab"]
[Black "Iuldachev, Saidali"]
[Result "0-1"]
[WhiteElo "2560"]
[BlackElo "2515"]
[PlyCount "102"]
[EventDate "1996.09.??"]
[EventType "team"]
[EventRounds "14"]
[EventCountry "ARM"]
[Source "Fruth,M"]
[SourceDate "2003.05.15"]

1. e4 e5 2. Nf3 Nc6 3. Bb5 a6 4. Ba4 Nf6 5. O-O Be7 6. Qe2 b5 7. Bb3 d6 8. c3
O-O 9. d4 Bg4 10. Rd1 Qc8 11. h3 Bh5 12. a4 Qb7 13. Bg5 Na5 14. Bc2 h6 15. Bh4
Bxf3 16. Qxf3 b4 17. Nd2 Rae8 18. Nf1 Nd7 19. Bg3 Nc4 20. Rab1 g6 21. Qe2 Na5
22. Ne3 Bg5 23. dxe5 Bxe3 24. Qxe3 Nxe5 25. cxb4 Nac6 26. Qxh6 Nxb4 27. Rbc1
Na2 28. Bh4 Nd7 29. e5 Re6 30. Rb1 Nxe5 31. Rd4 f5 32. b4 Nc3 33. Kh1 Nf7 34.
Qd2 Nxb1 35. Bxb1 c5 36. Rf4 d5 37. g4 d4+ 38. Kh2 Qxb4 39. Qa2 Re1 40. Bd3 Qb8
41. Bg3 Qb7 42. f3 Re3 43. gxf5 Rxd3 44. fxg6 Rb3 45. gxf7+ Rxf7 46. Rg4+ Rg7
47. Re4 c4 48. Bf2 Qb8+ 49. Kh1 Qc8 50. Rg4 Rxg4 51. hxg4 Qc6 0-1

[Event "EU-ch Rapid-30'"]
[Site "Cap d'Agde"]
[Date "1996.??.??"]
[Round "?"]
[White "Smirin, Ilia"]
[Black "Sokolov, Ivan"]
[Result "1/2-1/2"]
[WhiteElo "2625"]
[BlackElo "2670"]
[PlyCount "97"]
[EventDate "1996.10.26"]
[EventType "swiss"]
[EventRounds "9"]
[EventCountry "FRA"]
[Source "Fruth,M"]
[SourceDate "2003.05.15"]

1. e4 e5 2. Nf3 Nc6 3. Bb5 a6 4. Ba4 Nf6 5. O-O Be7 6. Qe2 b5 7. Bb3 O-O 8. c3
d5 9. d3 Re8 10. Nbd2 Be6 11. Rd1 h6 12. Nf1 Bf8 13. Ng3 Qd7 14. a4 Rad8 15.
axb5 axb5 16. h3 dxe4 17. dxe4 Nd4 18. cxd4 Bxb3 19. Rd2 Bc4 20. Qd1 exd4 21.
b3 d3 22. bxc4 bxc4 23. Bb2 Nxe4 24. Nxe4 Rxe4 25. Bc3 Bc5 26. Rda2 Rde8 27.
Qa4 Qd5 28. Rf1 Re2 29. Rxe2 Rxe2 30. Nd2 Kh7 31. Qa5 c6 32. Nf3 f6 33. Qc7 Qe6
34. Qa5 Qd6 35. Kh1 Qd5 36. Kg1 Rc2 37. Ne1 Re2 38. Nf3 Re7 39. Bb4 Bxb4 40.
Qxb4 c5 41. Qc3 Re2 42. Nd2 Qe5 43. Qxe5 Rxe5 44. Nxc4 Re4 45. Nd2 Ra4 46. Rc1
Ra2 47. Nb3 c4 48. Rxc4 Rb2 49. Rc3 1/2-1/2

[Event "Tel Aviv super IT 1"]
[Site "Tel Aviv "]
[Date "1999.05.19"]
[Round "9"]
[White "Smirin, Ilia"]
[Black "Tseitlin, Mark D"]
[Result "1-0"]
[WhiteElo "2652"]
[BlackElo "2490"]
[PlyCount "103"]
[EventDate "1999.05.??"]
[EventType "tourn"]
[EventRounds "9"]
[EventCountry "ISR"]
[EventCategory "14"]
[Source "Fruth,M"]
[SourceDate "2003.05.15"]

1. e4 e5 2. Nf3 Nc6 3. Bb5 a6 4. Ba4 Nf6 5. O-O Be7 6. Qe2 b5 7. Bb3 O-O 8. c3
d6 9. Rd1 Na5 10. Bc2 c5 11. d4 Qc7 12. d5 c4 13. Nbd2 Nb7 14. Nf1 Nc5 15. Ng3
Ne8 16. b3 cxb3 17. axb3 g6 18. Nd2 Nd7 19. b4 Nb6 20. Bb2 Ng7 21. Bb3 Bd7 22.
Ngf1 Bg5 23. Ra3 Nh5 24. g3 Qb7 25. Rda1 Nf6 26. Ne3 Rfc8 27. Bc2 Ng4 28. Nef1
Nf6 29. Bc1 Qc7 30. Ne3 Kg7 31. Bb2 Qb7 32. Nb3 Bxe3 33. Na5 Bxf2+ 34. Qxf2 Qa7
35. Kg2 Ng4 36. Qd2 Na4 37. Bc1 Rxc3 38. Rxc3 Nxc3 39. h3 Nxe4 40. Bxe4 Nf6 41.
Bf3 Rc8 42. Bb2 Bf5 43. Nc6 Qb7 44. Re1 Re8 45. Kh2 h5 46. Bg2 Ng8 47. Qf2 f6
48. Bc1 Qf7 49. Qb6 Ne7 50. Rd1 Bc8 51. Nd8 Qg8 52. Qxd6 1-0

[Event "Chania op 9"]
[Site "Chania"]
[Date "1999.08.10"]
[Round "8"]
[White "Marjanovic, Slavoljub"]
[Black "Nenashev, Alexander"]
[Result "0-1"]
[WhiteElo "2508"]
[BlackElo "2584"]
[PlyCount "122"]
[EventDate "1999.08.??"]
[EventType "swiss"]
[EventRounds "9"]
[EventCountry "GRE"]
[Source "Fruth,M"]
[SourceDate "2003.05.15"]

1. e4 e5 2. Nf3 Nc6 3. Bb5 a6 4. Ba4 Nf6 5. O-O Be7 6. Qe2 b5 7. Bb3 O-O 8. c3
d6 9. h3 Be6 10. Rd1 Bxb3 11. axb3 Qc8 12. d4 exd4 13. cxd4 Re8 14. d5 Nb8 15.
Nc3 b4 16. Na2 Bf8 17. Qc4 Rxe4 18. Rd4 Rxd4 19. Nxd4 Nbd7 20. Nxb4 Ne5 21. Qe2
Qb7 22. Nbc6 Nxd5 23. Qe4 Nxc6 24. Qxd5 Nd8 25. Qxb7 Nxb7 26. Nc6 Nc5 27. Be3
Nxb3 28. Ra3 Nc5 29. Bxc5 dxc5 30. Kf1 f6 31. Na5 Re8 32. Nc4 Re4 33. b3 Re6
34. Ra2 Kf7 35. Re2 f5 36. Rd2 Ke8 37. g3 g6 38. Rd1 Bg7 39. Rd3 Bd4 40. Rd2
Kd7 41. Ra2 f4 42. Kg2 fxg3 43. fxg3 g5 44. g4 Kc8 45. Kg3 Bc3 46. Rc2 Be1+ 47.
Kf3 Kb7 48. Re2 Rxe2 49. Kxe2 Bg3 50. Kf3 Bh4 51. Ke4 Kc6 52. Ne5+ Kb5 53. Kd3
Bg3 54. Nc4 Kb4 55. Kc2 a5 56. Nb2 c4 57. bxc4 a4 58. c5 a3 59. Nd3+ Kc4 60.
Nc1 Bf4 61. Nb3 a2 0-1

[Event "MK Cafe Cup-A"]
[Site "Koszalin"]
[Date "1999.08.04"]
[Round "2"]
[White "Sulskis, Sarunas"]
[Black "Timoshenko, Georgy"]
[Result "1-0"]
[WhiteElo "2521"]
[BlackElo "2576"]
[PlyCount "71"]
[EventDate "1999.08.03"]
[EventType "swiss"]
[EventRounds "9"]
[EventCountry "POL"]
[Source "Fruth,M"]
[SourceDate "2003.05.15"]

1. e4 e5 2. Nf3 Nc6 3. Bb5 a6 4. Ba4 Nf6 5. O-O Be7 6. Qe2 b5 7. Bb3 O-O 8. c3
d6 9. d4 Bg4 10. Rd1 Qc8 11. h3 Bh5 12. a4 Na5 13. Bc2 b4 14. dxe5 dxe5 15. Bg5
Re8 16. Bxf6 Bxf6 17. Nbd2 c5 18. g4 Bg6 19. Nc4 Qc7 20. cxb4 cxb4 21. Nxa5
Qxa5 22. Bb3 Rad8 23. Rxd8 Rxd8 24. Rc1 Be7 25. Rc6 Rd6 26. Qc4 Rxc6 27. Qxc6
Kf8 28. Nxe5 Qxe5 29. Qa8+ Bd8 30. Qxd8+ Qe8 31. Qd6+ Qe7 32. Qb8+ Qe8 33.
Qxb4+ Kg8 34. Bd5 h5 35. Qb6 Qxa4 36. Qxg6 1-0

[Event "YUG-ch TT"]
[Site "Herceg Novi"]
[Date "2001.05.??"]
[Round "5"]
[White "Strikovic, Aleksa"]
[Black "Tosic, Miroslav"]
[Result "1-0"]
[WhiteElo "2508"]
[BlackElo "2519"]
[PlyCount "97"]
[EventDate "2001.05.??"]
[EventType "team"]
[EventRounds "11"]
[EventCountry "YUG"]
[Source "Fruth,M"]
[SourceDate "2003.05.15"]

1. e4 e5 2. Nf3 Nc6 3. Bb5 a6 4. Ba4 Nf6 5. O-O Be7 6. Qe2 b5 7. Bb3 d6 8. c3
O-O 9. Rd1 Na5 10. Bc2 c5 11. d4 Qc7 12. d5 Bd7 13. Nbd2 Rfb8 14. b3 Nb7 15.
Nf1 a5 16. Ne3 b4 17. a4 bxc3 18. Nc4 Ne8 19. Qd3 g6 20. Qxc3 Qd8 21. Bb2 Bf6
22. Ne1 Bg7 23. Qd2 Ra7 24. Bc3 Rba8 25. Bd3 f5 26. exf5 gxf5 27. Qc2 e4 28.
Bf1 Nf6 29. g3 Qc7 30. Ng2 Rf8 31. Nf4 Raa8 32. Ne3 Nd8 33. Bc4 Qc8 34. Ne6 Ne8
35. Nxf8 Kxf8 36. f3 exf3 37. Rf1 Nf7 38. Rxf3 Bxc3 39. Qxc3 Ne5 40. Rf2 Ng7
41. Bb5 Kg8 42. Raf1 Bxb5 43. axb5 Qb7 44. Nc4 Nf7 45. Qf6 Re8 46. b6 Qxd5 47.
Rd2 Qc6 48. Nxd6 Rf8 49. b7 1-0

[Event "RUS-Rest World match 3"]
[Site "Moscow"]
[Date "2002.09.08"]
[Round "1"]
[White "Polgar, Judit"]
[Black "Grischuk, Alexander"]
[Result "0-1"]
[WhiteElo "2681"]
[BlackElo "2702"]
[PlyCount "124"]
[EventDate "2002.09.08"]
[EventType "match (rapid)"]
[EventRounds "10"]
[EventCountry "RUS"]
[Source "Fruth,M"]
[SourceDate "2003.05.15"]

1. e4 e5 2. Nf3 Nc6 3. Bb5 a6 4. Ba4 Nf6 5. O-O Be7 6. Qe2 b5 7. Bb3 O-O 8. c3
d5 9. d3 Bb7 10. Nbd2 Re8 11. a3 Bf8 12. Rd1 Nb8 13. Nf1 Nbd7 14. Ne3 c6 15.
Nf5 Qc7 16. h3 Rad8 17. Bg5 h6 18. Bh4 g6 19. Ne3 Bg7 20. Ba2 Rc8 21. Nd2 Qd6
22. b4 Nh5 23. Qf3 Nf4 24. Bg3 Nf6 25. Nb3 Ne6 26. h4 Ba8 27. Rac1 Rcd8 28. Nd2
d4 29. Ng4 Nxg4 30. Qxg4 h5 31. Qf3 dxc3 32. Rxc3 Nd4 33. Qe3 a5 34. Rb1 axb4
35. axb4 Bb7 36. Nf3 Ra8 37. Rb2 Nxf3+ 38. Qxf3 Qe7 39. Bb3 Red8 40. Rc5 Rd4
41. Kf1 Rf8 42. Qe3 Kh7 43. Bc2 Ra8 44. Qg5 f6 45. Qe3 Qd7 46. f4 exf4 47. Bxf4
Bf8 48. Rc3 Bxb4 49. Rcb3 Bf8 50. Qe1 Qe8 51. Be3 Rd7 52. d4 b4 53. Bf2 Ra3 54.
Qb1 Ba6+ 55. Kg1 Bc4 56. Rxb4 Bxb4 57. Rxb4 Bf7 58. Rb8 Ra1 59. Qxa1 Qxb8 60.
d5 Qf4 61. Ba4 Qxe4 62. Qxf6 Bxd5 0-1

[Event "Zadar Christmas op"]
[Site "Zadar"]
[Date "2003.12.20"]
[Round "8"]
[White "Stevic, Hrvoje"]
[Black "Blagojevic, Dragisa"]
[Result "1-0"]
[WhiteElo "2555"]
[BlackElo "2521"]
[PlyCount "129"]
[EventDate "2003.12.15"]
[EventType "swiss"]
[EventRounds "9"]
[EventCountry "CRO"]
[Source "ChessBase"]
[SourceDate "2004.11.11"]

1. e4 e5 2. Nf3 Nc6 3. Bb5 a6 4. Ba4 Nf6 5. O-O Be7 6. Qe2 b5 7. Bb3 d6 8. c3
O-O 9. Rd1 Na5 10. Bc2 c5 11. d4 Qc7 12. d5 Bd7 13. b3 g6 14. Bh6 Rfe8 15. Nbd2
Nh5 16. Nf1 Bf6 17. Qd2 Bg4 18. Qe3 Bg7 19. Bxg7 Kxg7 20. h3 Bd7 21. Ng3 Nf4
22. Ne2 Nxe2+ 23. Qxe2 Nb7 24. Nd2 b4 25. Bd3 bxc3 26. Nc4 Bb5 27. Na3 Bxd3 28.
Qxd3 Reb8 29. Qxc3 Qa5 30. Qb2 Qd8 31. f4 f6 32. Rf1 Na5 33. fxe5 fxe5 34. Qe2
Qb6 35. Qg4 Qc7 36. Nc2 Rf8 37. Ne3 Nb7 38. Qg5 Kh8 39. Nc4 Rae8 40. Qg4 Kg7
41. Kh2 Rf7 42. Rxf7+ Qxf7 43. Qf3 Qe7 44. Rf1 h5 45. g3 Rf8 46. Qxf8+ Qxf8 47.
Rxf8 Kxf8 48. g4 hxg4 49. h4 Ke7 50. Kg3 Nd8 51. Kxg4 Nf7 52. Na5 Kf6 53. Nc6
g5 54. h5 Nh6+ 55. Kg3 g4 56. Kh4 Nf7 57. Nb8 g3 58. Kxg3 Ng5 59. Nxa6 Nxe4+
60. Kg4 Nc3 61. Nc7 e4 62. Ne8+ Ke7 63. h6 e3 64. Kf3 e2 65. Kf2 1-0

[Event "Jinan Torch Cup"]
[Site "Jinan"]
[Date "2005.04.22"]
[Round "3"]
[White "Tong Yuanming"]
[Black "Zhao Xue"]
[Result "1-0"]
[WhiteElo "2510"]
[BlackElo "2478"]
[PlyCount "85"]
[EventDate "2005.04.20"]
[EventType "team"]
[EventRounds "9"]
[EventCountry "CHN"]
[Source "ChessBase"]
[SourceDate "2005.07.11"]

1. e4 e5 2. Nf3 Nc6 3. Bb5 a6 4. Ba4 Nf6 5. O-O Be7 6. Qe2 b5 7. Bb3 d6 8. c3
Na5 9. Bc2 c5 10. d4 Qc7 11. d5 h6 12. b4 cxb4 13. cxb4 Nc4 14. a4 Rb8 15. axb5
axb5 16. Bd3 O-O 17. Na3 Bd7 18. Nd2 Rfc8 19. Ra2 Bg4 20. Qe1 Nxa3 21. Rxa3 Nh5
22. Nb3 Bg5 23. Bxg5 hxg5 24. Qa1 Nf4 25. Rc1 Qd7 26. Ra7 Nxd3 27. Rxd7 Nxc1
28. Rd8+ Rxd8 29. Qxc1 f6 30. h3 Rdc8 31. Qe3 Bh5 32. Na5 Kh7 33. Qa7 Bg6 34.
f3 Re8 35. Nc6 Ra8 36. Qd7 Ra1+ 37. Kh2 Ra2 38. Qxd6 Bh5 39. Qd7 Rea8 40. Kg3
Rb2 41. Na7 Rxb4 42. Qb7 Rf8 43. Qe7 1-0

[Event "EU-ch 6th playoff"]
[Site "Warsaw"]
[Date "2005.07.02"]
[Round "2.2"]
[White "Ivanchuk, Vassily"]
[Black "Aronian, Levon"]
[Result "1/2-1/2"]
[WhiteElo "2739"]
[BlackElo "2693"]
[PlyCount "68"]
[EventDate "2005.07.02"]
[EventType "k.o. (rapid)"]
[EventRounds "3"]
[EventCountry "POL"]
[Source "ChessBase"]
[SourceDate "2005.07.12"]

1. e4 e5 2. Nf3 Nc6 3. Bb5 a6 4. Ba4 Nf6 5. O-O Be7 6. Qe2 b5 7. Bb3 d6 8. c3
Bg4 9. h3 Bh5 10. d3 O-O 11. Nbd2 Qd7 12. Re1 Nd8 13. Nf1 Ne6 14. Ng3 g6 15.
Bh6 Rfe8 16. Qe3 Bxf3 17. Qxf3 c5 18. Rad1 Kh8 19. h4 Ng8 20. Qxf7 c4 21. dxc4
Nxh6 22. Qf3 Bxh4 23. cxb5 axb5 24. Qd3 Nc5 25. Qxd6 Qxd6 26. Rxd6 Bxg3 27.
fxg3 Nxb3 28. axb3 Ng4 29. b4 Red8 30. Rd5 Rxd5 31. exd5 Rd8 32. Rd1 Ne3 33.
Re1 Ng4 34. Rd1 Ne3 1/2-1/2

[Event "CRO-chT"]
[Site "Sibenik"]
[Date "2005.10.09"]
[Round "11.4"]
[White "Jovanovic, Zoran"]
[Black "Leventic, Ivan"]
[Result "1-0"]
[WhiteElo "2520"]
[BlackElo "2487"]
[PlyCount "77"]
[EventDate "2005.10.01"]
[EventType "team"]
[EventRounds "11"]
[EventCountry "CRO"]
[Source "ChessBase"]
[SourceDate "2005.11.04"]

1. e4 e5 2. Nf3 Nc6 3. Bb5 a6 4. Ba4 Nf6 5. Qe2 Be7 6. O-O b5 7. Bb3 O-O 8. c3
d6 9. Rd1 Na5 10. Bc2 c5 11. d4 Qc7 12. d5 h6 13. b3 Nh7 14. Nbd2 Ng5 15. Nxg5
Bxg5 16. Nf1 Bxc1 17. Raxc1 Qe7 18. b4 Nb7 19. a4 Bd7 20. Ra1 Rfc8 21. Ne3 Qd8
22. Rdb1 cxb4 23. cxb4 Qb6 24. h3 Rc3 25. axb5 Bxb5 26. Qg4 Qd8 27. Ba4 Bd3 28.
Rc1 Rac8 29. Rxc3 Rxc3 30. Bc6 Qc7 31. Nf5 g6 32. Nxh6+ Kg7 33. Nf5+ Kf8 34.
Ne3 Nd8 35. Qh4 Nxc6 36. dxc6 Bc4 37. Rxa6 Kg7 38. Ra8 Rc1+ 39. Kh2 1-0

[Event "EU-ch 7th"]
[Site "Kusadasi"]
[Date "2006.04.10"]
[Round "7"]
[White "Socko, Bartosz"]
[Black "Sulskis, Sarunas"]
[Result "1-0"]
[WhiteElo "2610"]
[BlackElo "2504"]
[PlyCount "135"]
[EventDate "2006.04.04"]
[EventType "swiss"]
[EventRounds "11"]
[EventCountry "TUR"]
[Source "ChessBase"]
[SourceDate "2006.05.09"]

1. e4 e5 2. Nf3 Nc6 3. Bb5 a6 4. Ba4 Nf6 5. O-O Be7 6. Qe2 d6 7. c3 b5 8. Bc2
Bb7 9. d4 O-O 10. Nbd2 Re8 11. Rd1 Bf8 12. d5 Na7 13. a4 c6 14. dxc6 Bxc6 15.
axb5 axb5 16. Nb3 Qc7 17. Bg5 Nh5 18. Ra2 b4 19. Rda1 bxc3 20. bxc3 Reb8 21.
Ne1 g6 22. Qc4 Nb5 23. Rxa8 Bxa8 24. Qxc7 Nxc7 25. f3 d5 26. exd5 Bxd5 27. Rb1
Ne6 28. Bd2 Nc5 29. Nc1 Rxb1 30. Bxb1 e4 31. Ba2 Bxa2 32. Nxa2 f5 33. fxe4 Nxe4
34. Be3 Nhf6 35. Nd3 Kf7 36. c4 Nd6 37. c5 Nd5 38. cxd6 Nxe3 39. d7 Be7 40. Nc5
Bd8 41. Nb4 h5 42. Nc6 Bb6 43. d8=Q Bxd8 44. Nxd8+ Ke7 45. Ndb7 g5 46. Nd3 h4
47. Nbc5 Kd6 48. Nb3 Kd5 49. Nbc1 Ke4 50. Nf2+ Ke5 51. Ne2 Kf6 52. Nd4 Kg6 53.
Nd3 f4 54. h3 Kf6 55. Nf2 Ke5 56. Nf3+ Kf5 57. Nh2 Nc4 58. Nfg4 Nd2 59. Nf3 Ne4
60. Nd4+ Kg6 61. Kf1 Ng3+ 62. Kf2 Ne4+ 63. Ke2 Kf7 64. Kd3 Ng3 65. Kc4 Kg6 66.
Kd5 f3 67. Ne5+ Kh5 68. gxf3 1-0

[Event "Cup Russia"]
[Site "Serpukhov RUS"]
[Date "2007.11.08"]
[Round "2.2"]
[White "Fedorov, Alex"]
[Black "Romanov, E."]
[Result "1-0"]
[WhiteElo "2620"]
[BlackElo "2515"]
[PlyCount "137"]
[EventDate "2007.11.05"]
[SourceDate "1999.07.01"]

1. e4 e5 2. Nf3 Nc6 3. Bb5 a6 4. Ba4 Nf6 5. O-O Be7 6. Qe2 b5 7. Bb3 O-O 8. c3
d6 9. Rd1 Na5 10. Bc2 c5 11. d4 Qc7 12. d5 Bd7 13. Nbd2 g6 14. Nf1 Nh5 15. Bh6
Ng7 16. h3 Nb7 17. g4 f6 18. Ng3 Nd8 19. Kh2 Nf7 20. Be3 Kh8 21. Nd2 Rae8 22.
a4 Rb8 23. Ra2 Qc8 24. axb5 axb5 25. Rda1 Ng5 26. Ra7 Rb7 27. R7a6 Ne8 28. b3
Nc7 29. R6a5 b4 30. c4 Rb8 31. Qd1 Ra8 32. Rxa8 Nxa8 33. Ra7 Bd8 34. Qa1 Bb6
35. Ra2 Nf7 36. f4 Nc7 37. f5 Qd8 38. Nf3 Qe7 39. h4 Rg8 40. g5 Ne8 41. Ra8 Nc7
42. Ra2 Ne8 43. Ra6 Bc7 44. Ra8 Bd8 45. Qa7 Nc7 46. gxf6 Qxf6 47. Bg5 Nxg5 48.
hxg5 Qf8 49. Rb8 h6 50. Nh4 hxg5 51. Nxg6+ Rxg6 52. Qxc7 Bxc7 53. Rxf8+ Rg8 54.
Rf6 Be8 55. Bd1 Kg7 56. Re6 Rh8+ 57. Kg2 Kf8 58. f6 Bg6 59. Bg4 Rh4 60. Bf5 Bf7
61. Re7 Bd8 62. Rd7 Bxf6 63. Rxd6 Be7 64. Rc6 g4 65. d6 Bg5 66. Rxc5 Rh6 67.
Rc8+ Kg7 68. Bxg4 Kh7 69. Nf5 1-0

[Event "WJun"]
[Site "Yerevan ARM"]
[Date "2007.10.16"]
[Round "13"]
[White "Howell, D."]
[Black "Khairullin, I."]
[Result "0-1"]
[WhiteElo "2527"]
[BlackElo "2567"]
[PlyCount "60"]
[EventDate "2007.10.03"]
[SourceDate "1999.07.01"]

1. e4 e5 2. Nf3 Nc6 3. Bb5 a6 4. Ba4 Nf6 5. O-O Be7 6. Qe2 b5 7. Bb3 d6 8. c3
O-O 9. Rd1 Na5 10. Bc2 c5 11. d4 Qc7 12. dxe5 dxe5 13. Nbd2 c4 14. Nf1 Nb7 15.
Ne3 Nc5 16. Nd5 Nxd5 17. exd5 Bg4 18. b4 Nd3 19. Bxd3 cxd3 20. Qxd3 Rad8 21.
Re1 f6 22. Be3 Be6 23. Nd2 Bxd5 24. Ne4 f5 25. Nc5 f4 26. Nxa6 fxe3 27. Qxe3
Qc6 28. Nc5 Bxg2 29. Qxe5 Bxc5 30. bxc5 Bh3 0-1

[Event "Masters"]
[Site "Trieste ITA"]
[Date "2007.09.06"]
[Round "7"]
[White "Borisek, J."]
[Black "Pavasovic, D."]
[Result "1-0"]
[WhiteElo "2506"]
[BlackElo "2584"]
[PlyCount "171"]
[EventDate "2007.09.01"]
[SourceDate "1999.07.01"]

1. e4 e5 2. Nf3 Nc6 3. Bb5 a6 4. Ba4 Nf6 5. O-O Be7 6. Qe2 b5 7. Bb3 O-O 8. c3
d5 9. d3 Bb7 10. Rd1 d4 11. Bg5 Nd7 12. Bxe7 Qxe7 13. Bd5 dxc3 14. Nxc3 Nb6 15.
Rac1 Rad8 16. Qe3 Na5 17. Bxb7 Nxb7 18. Ne2 c5 19. Ng3 g6 20. h4 Rd6 21. h5
Rfd8 22. b3 Qf6 23. Qe2 Qf4 24. hxg6 hxg6 25. Nf1 Rxd3 26. Rxd3 Rxd3 27. Qxd3
Qxc1 28. Nxe5 Qf4 29. Nf3 c4 30. Qd4 Qd6 31. Qe3 Qc5 32. Qh6 Nd7 33. Ne3 cxb3
34. axb3 Qf8 35. Qh4 Qd8 36. Ng5 Nf8 37. Ng4 f6 38. Nf3 f5 39. Qxd8 Nxd8 40.
exf5 gxf5 41. Nh6+ Kg7 42. Nxf5+ Kf6 43. N5d4 Nfe6 44. Kf1 Nxd4 45. Nxd4 Ke5
46. Nc2 a5 47. Ke2 Ne6 48. Kd2 Ke4 49. b4 a4 50. Na3 Nc7 51. Kc3 Nd5+ 52. Kd2
Nc7 53. f3+ Kf4 54. Kd3 Na6 55. Kc3 Nc7 56. Kd4 Na6 57. Nc2 a3 58. Kc3 a2 59.
Kb2 Kg3 60. Kxa2 Kxg2 61. f4 Nc7 62. f5 Ne8 63. Nd4 Kg3 64. Nxb5 Kf4 65. Nd4
Ke5 66. b5 Nf6 67. b6 Nd7 68. b7 Kd6 69. Nb3 Ke5 70. Nc5 Nb8 71. Kb3 Kxf5 72.
Kc4 Ke5 73. Kb5 Kd5 74. Kb6 Kd6 75. Na6 Nd7+ 76. Kb5 Kd5 77. Nc5 Nb8 78. Kb6
Kd6 79. Na6 Nd7+ 80. Ka7 Kd5 81. Nc7+ Kc6 82. Ne8 Kc5 83. Nf6 Ne5 84. Ka8 Nc6
85. Nd7+ Kd6 86. Nb6 1-0

[Event "XIII Open"]
[Site "Balaguer ESP"]
[Date "2008.07.20"]
[Round "7"]
[White "Baklan, V."]
[Black "Bhat, V."]
[Result "1/2-1/2"]
[WhiteElo "2631"]
[BlackElo "2483"]
[PlyCount "81"]
[EventDate "2008.07.14"]
[SourceDate "1999.07.01"]

1. e4 e5 2. Nf3 Nc6 3. Bb5 a6 4. Ba4 Nf6 5. O-O Be7 6. Qe2 b5 7. Bb3 O-O 8. c3
d6 9. Rd1 Na5 10. Bc2 c5 11. d4 Qc7 12. d5 Bd7 13. b3 Rfe8 14. h3 Nb7 15. Be3
g6 16. Nbd2 Nh5 17. Nf1 Bf8 18. Qd2 Bg7 19. Rac1 c4 20. g4 cxb3 21. Bxb3 Nf6
22. Ng3 Na5 23. g5 Nh5 24. Nxh5 gxh5 25. Nh4 Nxb3 26. axb3 Bxh3 27. f3 a5 28.
c4 bxc4 29. Rxc4 Qb7 30. Rc3 Rec8 31. Rdc1 Rxc3 32. Rxc3 a4 33. bxa4 Rxa4 34.
Kh2 Bd7 35. Kg3 Ra8 36. Qc2 Rc8 37. Rxc8+ Bxc8 38. Bb6 h6 39. g6 Bf6 40. gxf7+
Kxf7 41. Qc7+ 1/2-1/2